| 000 | 00573nam a22001817a 4500 | ||
|---|---|---|---|
| 003 | OSt | ||
| 005 | 20160309165922.0 | ||
| 008 | 130216t xxu||||| |||| 00| 0 eng d | ||
| 020 | _a9789719592396 | ||
| 050 |
_aHF 5691 _b.An633 2015 |
||
| 100 | _aAntiviola, Hermelita M. | ||
| 245 |
_aInstructional module in mathematics of investment / _cHermelita M. Antiviola. |
||
| 260 |
_aQuezon City : _bPublishing House, _c2015. |
||
| 300 |
_avi, 90 pages : _billustrations ; _c25 cm. |
||
| 500 | _aIncludes bibliographical references. | ||
| 942 |
_2lcc _cBK _kLOC |
||
| 999 |
_c291512 _d291512 |
||